Les vrais noms des stars francophones #1 - Statistiques

Statistiques générales
  • Ce quiz a été pris 324 fois
  • Le résultat moyen est 8 sur 13
Statistiques - réponses
Hint Réponse % Correct
Isabelle de Truchis de Varennes Zazie
76%
Saïd M'Roumbaba Soprano
74%
Mélanie Georgiades Diam's
73%
Tamara Marthe Shy'm
64%
Juan Moreno Herrera y Jiménez Jean Reno
63%
Anne Peichert Louane
61%
Charlotte Gonin Vitaa
59%
Elie Yaffa Booba
58%
Maurice Benguigui Patrick Bruel
57%
Fabien Marsaud Grand Corps Malade
55%
Pierre Garand Garou
49%
Jacques Essebag Arthur
47%
Claude Moine Eddy Mitchell
46%
Aucun quiz correspondant
Distribution des résultats
% des personnes avec chaque résultat
Percentile par nombre de réponses
Votre historique - résultats
Vous n’avez pas pris ce quiz